नया सवेरा होने तक / (Record no. 116969)

MARC details
000 -LEADER
fixed length control field 01147nam a22002777a 4500
003 - CONTROL NUMBER IDENTIFIER
control field dpl
005 - DATE AND TIME OF LATEST TRANSACTION
control field 20180827150329.0
008 - FIXED-LENGTH DATA ELEMENTS--GENERAL INFORMATION
fixed length control field 180827b xxu||||| |||| 00| 0 eng d
010 ## - LIBRARY OF CONGRESS CONTROL NUMBER
LC control number B-052125
020 ## - INTERNATIONAL STANDARD BOOK NUMBER
Terms of availability 180.00
International Standard Book Number 8186754849
035 ## - SYSTEM CONTROL NUMBER
System control number B-052125, B-052127
037 ## - SOURCE OF ACQUISITION
Source of stock number/acquisition Cen Lib/Ret
040 ## - CATALOGING SOURCE
Original cataloging agency DPL
Language of cataloging HN
Transcribing agency 0
082 ## - DEWEY DECIMAL CLASSIFICATION NUMBER
Classification number
Item number वशिष्ठ
100 ## - MAIN ENTRY--PERSONAL NAME
Personal name वशिष्ठ, देश बंधू
9 (RLIN) 46829
245 ## - TITLE STATEMENT
Title नया सवेरा होने तक /
Statement of responsibility, etc देश बंधू वशिष्ठ
246 ## - VARYING FORM OF TITLE
Title proper/short title Naya savera hone tak /
Remainder of title by Desh bandhu Vashishith
260 ## - PUBLICATION, DISTRIBUTION, ETC. (IMPRINT)
Place of publication, distribution, etc नयी दिल्ली
Name of publisher, distributor, etc इरावदी प्रकाशन
Date of publication, distribution, etc 2002
270 ## - ADDRESS
Address सी-482, विकासपुरी
City नयी दिल्ली
Postal code 110018
300 ## - PHYSICAL DESCRIPTION
Extent 199पृ.
Dimensions 19सेमी (सजिल्द )
650 ## - SUBJECT ADDED ENTRY--TOPICAL TERM
Topical term or geographic name as entry element हिंदी साहित्य
General subdivision
Geographic subdivision
9 (RLIN) 69313
650 ## - SUBJECT ADDED ENTRY--TOPICAL TERM
Topical term or geographic name as entry element हिंदी साहित्य
Form subdivision
General subdivision उपन्यास
9 (RLIN) 69314
650 ## - SUBJECT ADDED ENTRY--TOPICAL TERM
Topical term or geographic name as entry element Hindi literature
9 (RLIN) 69315
650 ## - SUBJECT ADDED ENTRY--TOPICAL TERM
Topical term or geographic name as entry element Hindi literature
General subdivision fiction
9 (RLIN) 69316
942 ## - ADDED ENTRY ELEMENTS (KOHA)
Source of classification or shelving scheme Dewey Decimal Classification
Koha item type Hindi Books
Classification part
Call number suffix वशिष्ठ
Holdings
Withdrawn status Lost status Damaged status Not for loan Home library Current library Date acquired Source of acquisition Cost, normal purchase price Total Checkouts Full call number Barcode Date last seen Copy number Cost, replacement price Price effective from Koha item type Public note Source of classification or shelving scheme Collection code Shelving location Date checked out
Written off       Central Library Central Library 26/08/2015 Cen Lib/Ref 180.00   उ वशिष्ठ B-052125 26/08/2015 1 180.00 26/08/2015 Hindi Books Written off on approval by DLB (By Circulation); dtd 15-06-2023        
        Patel Nagar Patel Nagar 27/08/2018 BPPD/PUB 180.00   उ वशिष्ठ B-052127 27/08/2018   180.00 27/08/2018 Hindi Books   Dewey Decimal Classification Fiction    
        Patel Nagar Patel Nagar 14/01/2019 BPPD/PUB 180.00 1 उ वशिष्ठ B-052131 31/12/2022   180.00 14/01/2019 Hindi Books   Dewey Decimal Classification Fiction General Stacks 17/12/2022

© Delhi Public Library
Hit Counter
free hit counter